Library Logo

Pioneer International University Library Catalogue

EUROPEAN POWERS IN THE FIRST WORLD WAR (Record no. 9773)

MARC details
000 -LEADER
fixed length control field 00447nam a22001577a 4500
003 - CONTROL NUMBER IDENTIFIER
control field OSt
005 - DATE AND TIME OF LATEST TRANSACTION
control field 20251112114548.0
008 - FIXED-LENGTH DATA ELEMENTS--GENERAL INFORMATION
fixed length control field 251112b |||||||| |||| 00| 0 eng d
020 ## - INTERNATIONAL STANDARD BOOK NUMBER
International Standard Book Number 0815303998
040 ## - CATALOGING SOURCE
Transcribing agency Garland Publishing, Inc.
050 ## - LIBRARY OF CONGRESS CALL NUMBER
Classification number D 510 T97 1996
245 ## - TITLE STATEMENT
Title EUROPEAN POWERS IN THE FIRST WORLD WAR
Statement of responsibility, etc. Tucker, Spencer C.
250 ## - EDITION STATEMENT
Edition statement Edited by Spencer C. Tucker
260 ## - PUBLICATION, DISTRIBUTION, ETC.
Place of publication, distribution, etc. New York
Name of publisher, distributor, etc. Garland Publishing
Date of publication, distribution, etc. 1996
942 ## - ADDED ENTRY ELEMENTS (KOHA)
Source of classification or shelving scheme Dewey Decimal Classification
Koha item type Books
Suppress in OPAC No
Holdings
Withdrawn status Lost status Source of classification or shelving scheme Damaged status Not for loan Home library Current library Date acquired Total checkouts Barcode Date last seen Price effective from Koha item type
    Library of Congress Classification     PIU Library PIU Library 11/12/2025   PIUDL777 11/12/2025 11/12/2025 Books